Statistiques concernant Joueurs de football par images - K

Cliquez ici pour prendre le quiz!

Statistiques générales

  • Ce quiz a été pris 658 fois
  • Le résultat moyen est 13 sur 20

Statistiques - réponses

Réponse% Correct
N'Golo Kanté
99%
Oliver Kahn
99%
Kaká
98%
Jules Koundé
96%
Harry Kane
94%
Toni Kroos
94%
Joshua Kimmich
91%
Vincent Kompany
87%
Miroslav Klose
82%
Kalidou Koulibaly
78%
Mateo Kovačić
75%
Ronald Koeman
71%
Patrick Kluivert
66%
Christian Karembeu
58%
Roy Keane
58%
Kim Källström
38%
Raymond Kopa
35%
Kevin Keegan
14%
Kakhaber Kaladze
10%
Sándor Kocsis
5%

Distribution des résultats

Percentile par nombre de réponses

% des personnes avec chaque résultat

Votre développement - résultats

Vous n’avez pas pris ce quiz